Health psychology (Record no. 240597)

MARC details
000 -LEADER
fixed length control field 03182nam a22002297a 4500
003 - CONTROL NUMBER IDENTIFIER
control field St Aloysius Coll
005 - DATE AND TIME OF LATEST TRANSACTION
control field 20251029104427.0
008 - FIXED-LENGTH DATA ELEMENTS--GENERAL INFORMATION
fixed length control field 251029b |||||||| |||| 00| 0 eng d
020 ## - INTERNATIONAL STANDARD BOOK NUMBER
International Standard Book Number 9789353164799
040 ## - CATALOGING SOURCE
Transcribing agency AL
041 ## - LANGUAGE CODE
Language code of text/sound track or separate title English
082 ## - DEWEY DECIMAL CLASSIFICATION NUMBER
Classification number 616.0019
Item number TAYH
100 ## - MAIN ENTRY--PERSONAL NAME
Personal name Shelley E Taylor
9 (RLIN) 243090
245 ## - TITLE STATEMENT
Title Health psychology
250 ## - EDITION STATEMENT
Edition statement 10
260 ## - PUBLICATION, DISTRIBUTION, ETC.
Place of publication, distribution, etc. New York
Name of publisher, distributor, etc. McGraw Hill Education
Date of publication, distribution, etc. 2024
300 ## - PHYSICAL DESCRIPTION
Extent xx,444p.
Other physical details PB
Dimensions 25x19.8cm.
365 ## - TRADE PRICE
Source of price type code General
Price type code 4225
Price amount ₹640.00
Currency code
Unit of pricing ₹800.00
Price note 20%
Price effective from 23/10/2025
520 ## - SUMMARY, ETC.
Summary, etc. Since the first edition was published in 1986, Health Psychology has helped thousands of college students learn how to maintain their health and guard against illness. The goal of this book has always been to make research accessible in a way that integrates theory with practical applications so that people can lead healthier lives. The importance of social relationships, health behaviors, and co-management of health and illness are themes that are woven throughout the text. The Connect course for this offering includes SmartBook, an adaptive reading and study experience which guides students to master, recall, and apply key concepts while providing automatically-graded assessments.<br/>Digital<br/>• Connect®―The Connect Suite effectively engages students in the course so they are better prepared for class, more active in discussion, and achieve better results. Its innovative and adaptive technology addresses a wide variety of student and instructor needs with a rich database of assignable and assessable activities, each attached to learning objectives. Connect, part of the Connect suite, is a web-based assignment and assessment platform that features a number of powerful tools that make managing assignments easier for instructors and learning and studying more engaging and efficient for students.<br/>• Connect InsightTM―As part of the Connect Suite, InsightTM puts real-time analytics in your hands so you can take action early and keep struggling students from falling behind. Designed for your tablet or desktop computer, Insight is a series of visual displays providing at-a-glance information regarding how your section, students, and assignments are doing.<br/>• SmartBook―As part of the Connect Suite, SmartBook is the first and only adaptive reading and learning experience that changes the way students read. It creates a personalized, interactive reading environment like no other by highlighting important concepts, while helping students identify their strengths and weaknesses. This ensures that he or she is focused on the content needed to close specific knowledge gaps, while it simultaneously promotes long term learning.<br/>• LearnSmart―As part of the Connect Suite, LearnSmart is an adaptive learning program designed to help students learn faster, study smarter, and retain more knowledge for greater success. Millions of students have answered billions of questions in LearnSmart, making it the most widely used tool that’s proven to strengthen memory recall, retain student attendance, and boost grades.
650 ## - SUBJECT ADDED ENTRY--TOPICAL TERM
Source of heading or term Diseases
Topical term or geographic name entry element Medicine and Health
9 (RLIN) 243091
942 ## - ADDED ENTRY ELEMENTS (KOHA)
Source of classification or shelving scheme Dewey Decimal Classification
Koha item type Book
Holdings
Withdrawn status Lost status Source of classification or shelving scheme Damaged status Not for loan Collection code Home library Current library Date acquired Source of acquisition Cost, normal purchase price Total Checkouts Full call number Barcode Date last seen Cost, replacement price Price effective from Koha item type
    Dewey Decimal Classification     Corporate Psychology St Aloysius PG Library St Aloysius PG Library 10/28/2025 Biblios Book Point 640.00   616.0019 TAYH PG025112 10/29/2025 800.00   Book